000 00340nam a2200145Ia 4500
005 20251222141838.0
008 251222s9999||||xx |||||||||||||| ||spa||
020 _a9788496381872
082 _aREF.610/C78
100 _aCorbera, Enric
245 0 _aBiodescodificación:
250 _a1ra. ed.
264 _bEdiciones Índigo
942 _cLIB
999 _c7342
_d7342